Three Letter Words A-Z - Statistics

General Stats
  • This quiz has been taken 1,272 times
  • The average score is 18 of 26
Answer Stats
hint word % Correct
F what flags and bees do fly
91%
M US mum mom
91%
T commonest English word the
91%
J we all have an upper and lower one jaw
89%
A ___ Maria ave
85%
U decorative vase urn
83%
Z pimple, or skin blemish zit
83%
D female rabbit doe
78%
E England's western cape Land's {End}
77%
O sphere or globe orb
76%
S The ___ Who Loved Me Spy
75%
G African antelope gnu
74%
N nothing nix
73%
P eagle, birdie, ____ par
69%
C sin, ___, tan cos
67%
H first jump of triple jump hop
67%
X number at top of a clock XII
67%
Y a vote in favour (other than yes) yea
66%
B what Joe Frazier did box
64%
W sadness woe
63%
V voice in Latin vox
59%
R Oscar winner Harrison Rex
49%
L salmon lox
43%
I Innsbruck's river (bruck = bridge) Inn
40%
Q British football club QPR
37%
K blackcurrant flavored wine kir
23%
No matching quizzes found
Score Distribution
Percent of People with Each Score
Percentile by Number Answered
Your Score History
You have not taken this quiz